Footballer Seven Letter Chain Quiz - Statistics

General Stats
  • This quiz has been taken 37 times
    25 since last reset
  • The average score is 3 of 26
Answer Stats
Hint Player % Correct
Scored the winner in the 2010 World Cup Iniesta
100%
Controversially Brazil's starting keeper Allison
37%
West Ham's 2017 Hammer of the Year Antonio
37%
Transferred from Juventus to West Ham Ogbonna
32%
Complete opposite of the guy before Ronaldo
26%
Stands tall at 5 feet, 4 inches Insigne
11%
Absolute trash Alcacer
5%
Both Manchester clubs are racing for his signature Ederson
5%
Could be the Marcus you should be watching Edwards
5%
Galatasaray target Negredo
5%
Signed to replace Niang Ocampos
5%
Scored his first goal of 2017 against Man City Okazaki
5%
Nicknamed Ozzie Ozyakup
5%
Born in Guinea Bissau but represents Portugal Pereira
5%
Wore gloves on the hottest day of the year Slimani
5%
Girl or boy Addison
0%
Apologized for conceding Marcus Rashford's free kick Alvarez
0%
Transferred between 2 Red Bull clubs Ilsanker
0%
Tributed after Leganes match Iraizoz
0%
He's marvelous Nakamba
0%
Scored 3 when Genk beat Mouscron 6-0 Naranjo
0%
Had three clubs since leaving Boro Ogbeche
0%
Similar to the guy 7 cells above him Rolando
0%
Disappeared against Fiorentina Salamon
0%
Signed for Guangzhou R&F for a record fee Zahavi
0%
Said he wanted to kill all Rangers fans Zaluska
0%
No matching quizzes found
Score Distribution
Percent of People with Each Score
Percentile by Number Answered
Your Score History
You have not taken this quiz since the last reset